स्वतंत्रता सेनानियों के प्रेरक-प्रसंग / (Record no. 114609)
[ view plain ]
| 000 -LEADER | |
|---|---|
| fixed length control field | 01218nam a22002897a 4500 |
| 003 - CONTROL NUMBER IDENTIFIER | |
| control field | dpl |
| 005 - DATE AND TIME OF LATEST TRANSACTION | |
| control field | 20181214152443.0 |
| 008 - FIXED-LENGTH DATA ELEMENTS--GENERAL INFORMATION | |
| fixed length control field | 181214b ||||| |||| 00| 0 eng d |
| 010 ## - LIBRARY OF CONGRESS CONTROL NUMBER | |
| LC control number | B-091614 |
| 020 ## - INTERNATIONAL STANDARD BOOK NUMBER | |
| Terms of availability | 150.00 |
| International Standard Book Number | 8187472227 |
| 035 ## - SYSTEM CONTROL NUMBER | |
| System control number | B-091614 |
| 035 ## - SYSTEM CONTROL NUMBER | |
| System control number | B-78453 |
| 037 ## - SOURCE OF ACQUISITION | |
| Source of stock number/acquisition | Cen Lib/Ret |
| 040 ## - CATALOGING SOURCE | |
| Original cataloging agency | DPL |
| Language of cataloging | HN |
| Transcribing agency | dpl |
| 082 ## - DEWEY DECIMAL CLASSIFICATION NUMBER | |
| Classification number | क |
| Item number | जोगीसु |
| 100 ## - MAIN ENTRY--PERSONAL NAME | |
| Personal name | जोगी, सुनील |
| 9 (RLIN) | 57535 |
| 245 ## - TITLE STATEMENT | |
| Title | स्वतंत्रता सेनानियों के प्रेरक-प्रसंग / |
| Statement of responsibility, etc | सुनील जोगी |
| 246 ## - VARYING FORM OF TITLE | |
| Title proper/short title | Swatantrata senaniyon ke prerak prasang / |
| Remainder of title | by Sunil Jogi |
| 260 ## - PUBLICATION, DISTRIBUTION, ETC. (IMPRINT) | |
| Place of publication, distribution, etc | नई दिल्ली |
| Name of publisher, distributor, etc | विजय पब्लिशर्स |
| Date of publication, distribution, etc | 2003 |
| 270 ## - ADDRESS | |
| Address | 5, गोला मार्किट, दरियागंज |
| City | नई दिल्ली |
| Postal code | 110002 |
| 300 ## - PHYSICAL DESCRIPTION | |
| Extent | 127पृ. |
| Dimensions | 21सेमी(सजिल्द ) |
| 650 ## - SUBJECT ADDED ENTRY--TOPICAL TERM | |
| Topical term or geographic name as entry element | हिंदी साहित्य |
| General subdivision | |
| Geographic subdivision | |
| 9 (RLIN) | 57537 |
| 650 ## - SUBJECT ADDED ENTRY--TOPICAL TERM | |
| Topical term or geographic name as entry element | हिंदी साहित्य--कहानियां |
| 9 (RLIN) | 42761 |
| 650 ## - SUBJECT ADDED ENTRY--TOPICAL TERM | |
| Topical term or geographic name as entry element | Hindi literature |
| Form subdivision | |
| 9 (RLIN) | 57538 |
| 650 ## - SUBJECT ADDED ENTRY--TOPICAL TERM | |
| Topical term or geographic name as entry element | Hindi literature--Stories |
| 9 (RLIN) | 57539 |
| 942 ## - ADDED ENTRY ELEMENTS (KOHA) | |
| Source of classification or shelving scheme | Dewey Decimal Classification |
| Koha item type | Hindi Books |
| Classification part | क |
| Call number suffix | जोगीसु |
| Withdrawn status | Lost status | Damaged status | Not for loan | Home library | Current library | Date acquired | Source of acquisition | Cost, normal purchase price | Total Checkouts | Full call number | Barcode | Date last seen | Copy number | Cost, replacement price | Price effective from | Koha item type | Source of classification or shelving scheme | Collection code | Date checked out |
|---|---|---|---|---|---|---|---|---|---|---|---|---|---|---|---|---|---|---|---|
| Central Library | Central Library | 18/08/2015 | Cen Lib/Ret | 150.00 | क जोगीसु | B-091614 | 18/08/2015 | 1 | 150.00 | 18/08/2015 | Hindi Books | ||||||||
| Sarojini Nagar | Sarojini Nagar | 14/12/2018 | विजय पब्लिशेर्स | 150.00 | 1 | क जोगीसु | B-78453 | 27/09/2025 | 150.00 | 14/12/2018 | Hindi Books | Dewey Decimal Classification | Non-fiction | 24/09/2025 |
